000 00631nam a2200193Ii 4500
001 13216
003 CO-ViMGA
008 241108s9999||||xx |||||||||||||| ||und||
040 _aCO-ViMGA
_bspa
_erda
_cCO-ViMGA
041 0 _aspa
082 0 4 _aF.FC 616.88 - A16
245 1 0 _aEl aborto:
_bImplicaciones medicas, sociales, economicas, eticas y políticas
264 1 _aBogotá, Colombia : Presencia, [Fecha de publicación no identificada]
300 _avolumen
336 _atext
_btxt
_2rdacontent
337 _aunmediated
_bn
_2rdamedia
338 _avolume
_bnc
_2rdacarrier
940 _aidficha_siabuc: 12918. -- ficha_no_siabuc:13216
999 _c47742
_d47742